Регионална библиотека "Любен Каравелов" - Русе

Die Meistersinger von Nurnberg [CD аудио] (Запис номер 215382)

MARC детайли
000 -Лидер
Контролно поле с фиксирана дължина 01973njm a2200433 c 4500
003 - Код на организацията, давaща контролен номер
Контролно поле BLK
005 - Дата и час на последна редакция
Контролно поле 20250330004131.0
008 - Елементи от данни с фиксирана дължина
fixed length control field 180410b bul||n||s|||||||| n|bulo|
010 ## - Наследен системен номер
LC control number CDD00000269000
040 ## - Източник на каталожния запис
Идентификатор на билиотеката - собственик на записа BLK
041 ## - Код за език
Код за езика на текст/звукозапис или на отделно заглавие Немски
Код за езика КДБФ Немски
080 ## - УДК
Текстов определител УДК Опера. Музикална драма. Романтична опера. Опера-приказка
УДК код - определител по УДК 782.1
УДК определител
УДК - код + определител 782.1
100 1# - Редна дума - Автор
Автор Вагнер, Рихард
Авторска отговорност първи автор
R(LIN) 44950
139 ## - Редно поле
Редна дума Вагнер, Рихард
Авторски знак Ваг - В 13
245 10 - Сведения за заглавието
Заглавие Die Meistersinger von Nurnberg [CD аудио]
Подзаглавни данни Oper in drei Aufzugen : CD 1-4 За том: Ende
Редно поле (дума) Рихард Вагнер; * Richard Wagner; изп. Chor und Symphonienorchester des Bayerischen Rundfunks; диригент Rafael Kubelik; баритон Thomas Stewart; тенор Sandor Konya; сопран Gundula Janowitz; баритон Thomas Hemsley; мецосопран Brigitte Fassbaender; тенор Gerhard Unger; бас Franz Crass.
Том CD 4
Заглавие на том Akt 3
257 ## - Страна на издаване
Страна на създаване/издаване Германия
260 ## - Област на издателските данни
-- Augsburg
Име на издателя, разпространителя и проч. Calig
Година на издаване 1996
300 ## - Физическа характеристика
Размери/Мащаб 12 cm.
Тип мерна единица бр. в к-т
Количество на мерната единица 1 CD
380 ## - Жанр
Жанр Изкуство
650 #4 - Допълнително описание по предмет – тема
Основно описание – тема или топоним Опери
9 (RLIN) 165041
653 ## - Ключова дума – ненормативна
Ключова дума опери
700 ## - Други автори (авторска отговорност)
Лично име Wagner, Richard
Автороска отговорност (Описва отношението между автора и произведението) *
9 (RLIN) 386969
700 1# - Други автори (авторска отговорност)
Лично име Chor und Symphonienorchester des Bayerischen Rundfunks
Автороска отговорност (Описва отношението между автора и произведението) изп.
9 (RLIN) 353527
700 1# - Други автори (авторска отговорност)
Лично име Kubelik, Rafael
Автороска отговорност (Описва отношението между автора и произведението) диригент
9 (RLIN) 16075
700 1# - Други автори (авторска отговорност)
Лично име Stewart, Thomas
Автороска отговорност (Описва отношението между автора и произведението) баритон
9 (RLIN) 353528
700 1# - Други автори (авторска отговорност)
Лично име Konya, Sandor
Автороска отговорност (Описва отношението между автора и произведението) тенор
9 (RLIN) 15642
700 1# - Други автори (авторска отговорност)
Лично име Janowitz, Gundula
Автороска отговорност (Описва отношението между автора и произведението) сопран
9 (RLIN) 14024
700 1# - Други автори (авторска отговорност)
Лично име Hemsley, Thomas
Автороска отговорност (Описва отношението между автора и произведението) баритон
9 (RLIN) 12744
700 1# - Други автори (авторска отговорност)
Лично име Fassbaender, Brigitte
Автороска отговорност (Описва отношението между автора и произведението) мецосопран
9 (RLIN) 9805
700 1# - Други автори (авторска отговорност)
Лично име Unger, Gerhard
Автороска отговорност (Описва отношението между автора и произведението) тенор
9 (RLIN) 353529
700 1# - Други автори (авторска отговорност)
Лично име Crass, Franz
Автороска отговорност (Описва отношението между автора и произведението) бас
9 (RLIN) 7731
760 1# - Описание на основната серия
Редна дума на основното описание Вагнер, Рихард
Страници - том 51мин. 42сек.
Заглавие CD 4 Akt 3
852 ## - Местоположение
Форматна сигнатура Цб CD 1846
Част 0
856 4# - Електронен адрес и достъп
Електронен формат pdf - файл
Път до файла /url/
856 4# - Електронен адрес и достъп
Електронен формат pdf - файл
Път до файла /url/
942 ## - АРТИКУЛИ
Вид на библиотечния материал Компактдискове
Скрит в OPAC Не
944 ## - СЪЗДАВАНЕ И РЕДАКЦИЯ на ЗАПИСА
Създаване/Редакция Създаване
Дата на регистрацията/редакция 25.09.2008
Служител, извършил регистрацията/редакцията
Статус, дата на статуса CRON CRON
944 ## - СЪЗДАВАНЕ И РЕДАКЦИЯ на ЗАПИСА
Създаване/Редакция Редакция
Дата на регистрацията/редакция 27.09.2010
Служител, извършил регистрацията/редакцията
999 ## - СИСТЕМНИ КОНТРОЛНИ НОМЕРА
Koha biblionumber 215382
Koha biblioitemnumber 215382
Наличности
Код за отписване Код за изгубен артикул Източник на класификационната схема Код за повреда Коз за рестрикции Код за отдаване Артикулен № Име на библиотеката - собственик Име на библиотеката, в която се намира в момента Статус (Текущо местоположение) Дата на вписване в системата Местоположение - отдел Цена в лева Инвентарен номер Систематично азбучна сигнатура Баркод Номер на екземпляра Цена в евро Служебна бележка Служебен тип на артикула
  Не е изгубен Universal Decimal Classification Не е повреден без рестрикции заемане за дома 386741 Регионална библиотека "Любен Каравелов" Русе Регионална библиотека "Любен Каравелов" Русе Отдел Изкуство - подръчен фонд 1996-01-01 Отдел Изкуство - подръчен фонд 6.00 120000906630 782/W 14 R 120000906630 1 3.07 Дост: DA Вид: А Дата: 01.01.1996 Компактдискове
Vip Innovations Ltd, Rousse, Bulgaria 2025